Equipación con espacios de Hilbert /

Guardado en:
Autor Principal: Cotlar, Mischa.
Formato: Libro
Idioma:Spanish
Publicado: [Buenos Aires] : Universidad de Buenos Aires, Facultad de Ciencias Exactas y Naturales, Departamento de Matemáticas, 1968.
Series:Cursos y seminarios de matemática ; fasc. 15
Etiquetas: Agregar Etiqueta
Sin Etiquetas, Sea el primero en etiquetar este registro!
LEADER 00762nam a22001935a 4500
001 MAT.inmabb001787
008 031217s1968####ag#######b####000#0#spa#d
005 20170622154219.0
245 1 0 |a Equipación con espacios de Hilbert /  |c Mischa Cotlar. 
260 |a [Buenos Aires] :  |b Universidad de Buenos Aires, Facultad de Ciencias Exactas y Naturales, Departamento de Matemáticas,  |c 1968. 
300 |a xix, 366 p. ;  |c 27 cm. 
440 0 |a Cursos y seminarios de matemática ;  |v fasc. 15 
500 |a Notas de un curso dictado en la Facultad a fines de 1962. 
504 |a Bibliografía: p. 361-366. 
510 4 |a MR,  |c 41 #5922 
100 1 |a Cotlar, Mischa. 
084 |a 46.01  |2 MR 
859 |h 46  |i C845  |p A-3175  |b BIB. MATEMATICA 
859 |h 46  |i C845  |p A-3447  |t Ej. 2  |b BIB. MATEMATICA